Statistics for World Capitals Closest to Bangkok

Click here to take the quiz!

General Stats

  • This quiz has been taken 15,498 times
  • The average score is 15 of 21

Answers on the Map

Answers color-coded by a green-red scale on the quiz's map according to % correct below.
Loading ...
 

Answer Stats

km Capital % Correct
3,296Beijing
95%
2,912New Delhi
94%
2,325Jakarta
90%
1,431Singapore
89%
990Hanoi
88%
3,722Seoul
86%
1,187Kuala Lumpur
85%
2,214Manila
84%
3,743Pyongyang
78%
2,543Taipei
76%
2,204Kathmandu
75%
541Phnom Penh
74%
3,542Islamabad
74%
1,532Dhaka
73%
521Vientiane
64%
3,140Male
52%
3,717Dili
52%
1,893Thimphu
51%
813Naypyidaw
47%
1,866Bandar Seri
Begawan
45%
2,373S. J. Kotte
44%

Score Distribution

Percentile by Number Answered

Percent of People with Each Score

Your Score History

You have not taken this quiz